[Event "Anand tribute"]
[Site "SchemingMind.com"]
[Date "2008.12.02"]
[Round "-"]
[White "jankep"]
[Black "lupa7"]
[Result "0-1"]
[WhiteCountry "POL"]
[BlackCountry "POL"]
[WhiteElo "2016"]
[WhiteRD "79"]
[BlackElo "2405"]
[BlackRD "78"]
[GameID "181131"]

1. d4 Nf6 2. Bg5 Ne4 3. Bh4 c5 4. f3 Nf6 5. Bxf6 exf6 6. d5 Qb6 7. Qc1 c4 8. Nh3 Bc5 9. Nd2 Be3 10. Nxc4 Bxc1
11. Nxb6 Bxb2
0-1

[Event "Anand tribute"]
[Site "SchemingMind.com"]
[Date "2008.12.01"]
[Round "-"]
[White "mi_di"]
[Black "lupa7"]
[Result "0-1"]
[WhiteCountry "MEX"]
[BlackCountry "POL"]
[WhiteElo "2163"]
[WhiteRD "75"]
[BlackElo "2405"]
[BlackRD "78"]
[GameID "181132"]

1. e4 e5 2. Nf3 Nc6 3. Bb5 Nf6 4. O-O Nxe4 5. Re1 Nd6 6. Nxe5 Be7 7. Bf1 O-O 8. d4 Nf5 9. c3 Nxe5 10. Rxe5 g6
11. Bd3 d5 12. Qc2 Bd6 13. Re1 Nh4 14. Bf1 Nxg2 15. Bxg2 Qh4 16. Re3 Bf5 17. Qe2 Bg4 18. Qb5 Qxh2+ 19. Kf1 Bf4 20. Qxd5 Rae8
21. Na3 c6 22. Qb3 Bxe3 23. Bxe3 Rxe3 24. fxe3 Re8 25. c4 Re6
0-1

[Event "Anand tribute"]
[Site "SchemingMind.com"]
[Date "2008.12.03"]
[Round "-"]
[White "thebirdolux"]
[Black "lupa7"]
[Result "1/2-1/2"]
[WhiteCountry "USA"]
[BlackCountry "POL"]
[WhiteElo "2308"]
[WhiteRD "67"]
[BlackElo "2405"]
[BlackRD "78"]
[GameID "181133"]

1. Nf3 Nf6 2. d4 c5 3. d5 b5 4. Bg5 Qa5+ 5. c3 b4 6. Nfd2 d6 7. e4 Nbd7 8. Nc4 Qc7 9. Nbd2 bxc3 10. bxc3 e6
11. dxe6 fxe6 12. Qf3 Rb8 13. Be2 Be7 14. Qg3 O-O 15. O-O Nb6 16. Bh6 Ne8 17. Nxb6 axb6 18. a4 Bd7 19. Nf3 Rf6 20. Bg5 Rg6
21. Qf4 Nf6 22. Bd3 c4 23. Bc2 e5 24. Qd2 h6 25. Bh4 Bg4 26. Qe3 Rf8 27. Nd2 Be6 28. Qe2 Kh7 29. f4 exf4 30. Rxf4 Qc5+
31. Kh1 Qe5 32. Raf1 Ng4 33. Nf3 Qxf4 34. Bxe7 Qe3= 35. Qxe3 Nxe3 36. Bxf8 Nxf1 37. e5 Ne3 38. Bxg6+=
1/2-1/2

[Event "Anand tribute"]
[Site "SchemingMind.com"]
[Date "2008.12.05"]
[Round "-"]
[White "dcon"]
[Black "lupa7"]
[Result "1/2-1/2"]
[WhiteCountry "RSA"]
[BlackCountry "POL"]
[WhiteElo "2361"]
[WhiteRD "61"]
[BlackElo "2405"]
[BlackRD "78"]
[GameID "181134"]

1. d4 Nf6 2. c4 c5 3. d5 d6 4. Nc3 Bf5 5. g3 Nbd7 6. Bg2 a6 7. Nf3 h6 8. O-O g5 9. Ne1 Bg7 10. Nd3 Bg6
11. Bd2 O-O 12. f4 b5 13. fxg5 hxg5 14. Bxg5 bxc4 15. Nf4 Bh7 16. e4 Rb8 17. Rb1 Rb4 18. h3 Qa5 19. Qd2 Rfb8 20. Rfc1 Nb6
21. Nfe2 Na4 22. Nxa4 Qxa4 23. Nc3 Qe8 24. Rc2 Nd7 25. Kh2 Bg6 26. Bh6=
1/2-1/2

[Event "Anand tribute"]
[Site "SchemingMind.com"]
[Date "2008.12.01"]
[Round "-"]
[White "Sixmax"]
[Black "lupa7"]
[Result "0-1"]
[WhiteCountry "DEN"]
[BlackCountry "POL"]
[WhiteElo "2071"]
[WhiteRD "62"]
[BlackElo "2405"]
[BlackRD "78"]
[GameID "181135"]

1. e4 e5 2. Nf3 Nc6 3. Bc4 Bc5 4. b4 Bxb4 5. c3 Ba5 6. d4 exd4 7. O-O Nf6 8. Ba3 d6 9. e5 Ne4 10. exd6 cxd6
11. Re1 O-O 12. Rxe4 d5 13. Rh4 dxc4 14. Bxf8 g5 15. Rh6 Qxf8 16. Rh5 h6
0-1

[Event "Anand tribute"]
[Site "SchemingMind.com"]
[Date "2008.12.01"]
[Round "-"]
[White "dlamadzi"]
[Black "lupa7"]
[Result "0-1"]
[WhiteCountry "POL"]
[BlackCountry "POL"]
[WhiteElo "1950"]
[WhiteRD "76"]
[BlackElo "2405"]
[BlackRD "78"]
[GameID "181136"]

1. e4 e5 2. Nf3 Nc6 3. Nc3 Nf6 4. Bb5 Bc5 5. O-O Qe7 6. d3 Nd4 7. Nxd4 Bxd4 8. Bg5 c6 9. Bc4 b5 10. Bb3 h6
11. Be3 Bxe3 12. fxe3 O-O 13. Qe2 d6 14. Rf2 a5 15. a3 Bg4 16. Qd2 b4 17. Na4 Rfb8 18. axb4 axb4 19. h3 Bd7 20. Ra2 Qe8
0-1

[Event "Anand tribute"]
[Site "SchemingMind.com"]
[Date "2008.12.02"]
[Round "-"]
[White "Konan_Kaddosh"]
[Black "jankep"]
[Result "1-0"]
[WhiteCountry "ITA"]
[BlackCountry "POL"]
[WhiteElo "2611"]
[WhiteRD "68"]
[BlackElo "2016"]
[BlackRD "79"]
[GameID "181339"]

1. d4 d5 2. c4 Nc6 3. Nf3 Bg4 4. Nc3 e6 5. cxd5 exd5 6. Qb3 Bb4 7. Ne5 Nxd4 8. Qd1 Nc6 9. Nxg4 f5 10. Ne3 d4
11. Qb3 Nge7 12. a3 Bxc3+ 13. bxc3 dxe3 14. Bxe3 Qd5 15. Qxd5
1-0

[Event "Anand tribute"]
[Site "SchemingMind.com"]
[Date "2008.12.01"]
[Round "-"]
[White "Konan_Kaddosh"]
[Black "mi_di"]
[Result "1-0"]
[WhiteCountry "ITA"]
[BlackCountry "MEX"]
[WhiteElo "2611"]
[WhiteRD "68"]
[BlackElo "2163"]
[BlackRD "75"]
[GameID "181340"]

1. d4 e6 2. Nf3 Nf6 3. c4 b6 4. g3 Bb4+ 5. Bd2 c5 6. Bg2 Bb7 7. O-O O-O 8. Bxb4 cxb4 9. a3 bxa3 10. Nxa3 Nc6
11. Ne5 d5 12. Nb5 a6 13. Nc3 Qd6 14. cxd5 Nxd5 15. Nc4 Qd8 16. Ne4 Nce7 17. Ned6 Bc6 18. e4 Nf6 19. Re1 Bb5 20. Nxb5 axb5
21. Rxa8 Qxa8 22. e5 Nfd5 23. Nxb6 Qc6 24. Nxd5 Nxd5 25. Qd2 Rc8 26. Ra1 g6 27. Be4 Qc4 28. Kg2 Qb4 29. Qxb4 Nxb4 30. Ra5 Rc4
31. Rxb5 Rxd4 32. Kf3 Nd5 33. h4 Kg7 34. Rb7 Rd2 35. Bxd5 Rxd5 36. Ke4 Rd2 37. Ke3 Rd5 38. f4 Rc5 39. Kd4 Rc1 40. b4 Rg1
41. Ra7 Rxg3 42. b5
1-0

[Event "Anand tribute"]
[Site "SchemingMind.com"]
[Date "2008.12.03"]
[Round "-"]
[White "Konan_Kaddosh"]
[Black "thebirdolux"]
[Result "1-0"]
[WhiteCountry "ITA"]
[BlackCountry "USA"]
[WhiteElo "2611"]
[WhiteRD "68"]
[BlackElo "2308"]
[BlackRD "67"]
[GameID "181341"]

1. d4 Nf6 2. c4 e6 3. Nf3 b6 4. g3 Ba6 5. b3 Bb4+ 6. Bd2 Be7 7. Bg2 d5 8. cxd5 Nxd5 9. Nc3 Nd7 10. Nxd5 exd5
11. O-O O-O 12. Rc1 Re8 13. Re1 Nf6 14. Ne5 Ba3 15. Rc2 Ne4 16. Bc1 Bd6 17. f3 Nf6 18. Bb2 c5 19. e3 Rc8 20. Qd2 Qe7
21. Bh3 Rc7 22. Bf5 c4 23. Rec1 b5 24. Qa5 Rb8 25. a4 Bc8 26. Bxc8 Bb4 27. Qa6 Rbxc8 28. axb5 c3 29. Bxc3 Bxc3 30. Kf1 Kh8
31. Nc6 Qxe3 32. Rxc3 Qd2 33. R1c2 Qd1+ 34. Kg2 Re8 35. Qa2 g5 36. Ne5 Rxc3 37. Rxc3 Qxd4 38. Nxf7+ Kg8 39. Nh6+ Kh8 40. Qc2
1-0

[Event "Anand tribute"]
[Site "SchemingMind.com"]
[Date "2008.12.06"]
[Round "-"]
[White "Konan_Kaddosh"]
[Black "dcon"]
[Result "1-0"]
[WhiteCountry "ITA"]
[BlackCountry "RSA"]
[WhiteElo "2602"]
[WhiteRD "70"]
[BlackElo "2360"]
[BlackRD "65"]
[GameID "181342"]

1. d4 d5 2. c4 e6 3. Nf3 c5 4. dxc5 Bxc5 5. cxd5 Nf6 6. Nc3 exd5 7. e3 O-O 8. Bd3 Nc6 9. O-O Qe7 10. h3 h6
11. Re1 Be6 12. a3 Rac8 13. b4 Bd6 14. Bb2 a5 15. Nb5 Bb8 16. bxa5 Nxa5 17. Bc3 Nc6 18. Qb1 Nd7 19. Qb2 f5 20. Nbd4 Nc5
21. Bc2 Bd7 22. Red1 Nxd4 23. Bxd4 Ne4 24. Bb3 Bc6 25. Be5 Bxe5 26. Qxe5 Qxe5 27. Nxe5 Rfe8 28. Nf3 Nf6 29. Nh4 Re5 30. a4 Kf7
31. a5 g6 32. Nf3 Re7 33. Nd4 Be8 34. a6 bxa6 35. Rxa6 Rec7 36. g3 Bd7 37. Ra5 Rc5 38. Rda1 R8c7 39. Rxc5 Rxc5 40. Ra7 Ke8
41. Kg2 Rc3 42. Ra5 Rd3 43. Kf1 Ke7 44. Ke2 Rc3 45. Bxd5 Nxd5 46. Rxd5
1-0

[Event "Anand tribute"]
[Site "SchemingMind.com"]
[Date "2008.12.01"]
[Round "-"]
[White "Konan_Kaddosh"]
[Black "lupa7"]
[Result "1/2-1/2"]
[WhiteCountry "ITA"]
[BlackCountry "POL"]
[WhiteElo "2611"]
[WhiteRD "68"]
[BlackElo "2405"]
[BlackRD "78"]
[GameID "181343"]

1. d4 Nf6 2. c4 c5 3. d5 d6 4. Nc3 Bf5 5. Nf3 Na6 6. a3 g6 7. Nh4 Bd7 8. e4 Bg7 9. Be2 O-O 10. O-O Nc7
11. Nf3 Bg4 12. Be3 Nd7 13. Qc2 Bxf3 14. Bxf3 a6 15. Be2 Bd4 16. Qd2 Bxe3 17. Qxe3 e5 18. dxe6 Nxe6 19. b4 Nf6 20. Rab1 Re8
21. f3 b6 22. Rf2 Qc7 23. Bf1 Qa7 24. Rfb2 Rab8 25. Rd1 Rbd8 26. bxc5 bxc5 27. Ne2 Nh5 28. a4 Qc7 29. Qd2 Nf6 30. Rbb1 Kg7
31. a5 Nd7 32. Qxd6 Qxa5 33. Ra1 Qb4 34. Qxa6 Qb3 35. Qa3 Qxa3 36. Rxa3 Ne5 37. Rxd8 Rxd8 38. Nc3 Rd4 39. Ra4 g5 40. h3 h5=
41. Kf2 Rd2+ 42. Ke1 Rc2 43. Nd1 h4 44. Ne3 Rc1+ 45. Kd2 Rb1 46. Ra6 Nd4 47. Ra2 Nec6 48. Bd3=
1/2-1/2

[Event "Anand tribute"]
[Site "SchemingMind.com"]
[Date "2008.12.05"]
[Round "-"]
[White "Konan_Kaddosh"]
[Black "Sixmax"]
[Result "1-0"]
[WhiteCountry "ITA"]
[BlackCountry "DEN"]
[WhiteElo "2611"]
[WhiteRD "68"]
[BlackElo "2071"]
[BlackRD "62"]
[GameID "181344"]

1. d4 b6 2. e4 Bb7 3. Bd3 Nf6 4. Qe2 Nc6 5. c3 e5 6. Nf3 d6 7. O-O Nd7 8. d5 Ne7 9. a4 Ng6 10. g3 h6
11. a5 Be7 12. a6 Bc8 13. Bb5 O-O 14. Bc6 Rb8 15. Na3 Nc5 16. Nb5 Bxa6 17. b4 Bxb5 18. Bxb5 Nb3 19. Ra6 Nxc1 20. Rxc1 Qc8
21. Rca1 f5 22. exf5
1-0

[Event "Anand tribute"]
[Site "SchemingMind.com"]
[Date "2008.12.01"]
[Round "-"]
[White "Konan_Kaddosh"]
[Black "dlamadzi"]
[Result "1-0"]
[WhiteCountry "ITA"]
[BlackCountry "POL"]
[WhiteElo "2611"]
[WhiteRD "68"]
[BlackElo "1950"]
[BlackRD "76"]
[GameID "181345"]

1. d4 d6 2. e4 e5 3. Nf3 exd4 4. Nxd4 Bd7 5. Nc3 Nc6 6. Nxc6 Bxc6 7. Bc4 Nf6 8. O-O Be7 9. f3 O-O 10. Be3 Nd7
11. Nd5 Bxd5 12. Qxd5 c6 13. Qd2 Nb6 14. Bb3 Bf6 15. Rad1 Qc7 16. Qxd6 Qxd6 17. Rxd6 Bxb2 18. Rfd1 Ba3 19. R6d3 Bb4 20. Bxb6 axb6
21. Rd7
1-0

[Event "Anand tribute"]
[Site "SchemingMind.com"]
[Date "2008.12.03"]
[Round "-"]
[White "jankep"]
[Black "Konan_Kaddosh"]
[Result "0-1"]
[WhiteCountry "POL"]
[BlackCountry "ITA"]
[WhiteElo "2016"]
[WhiteRD "79"]
[BlackElo "2611"]
[BlackRD "68"]
[GameID "181346"]

1. d4 Nf6 2. c4 e6 3. e3 c5 4. Nf3 d5 5. Nc3 Nc6 6. cxd5 exd5 7. Be2 cxd4 8. Nxd4 Bd6 9. O-O O-O 10. Re1 Be6
11. Nxc6 bxc6 12. Bd2 Bf5 13. Rc1 Qb8
0-1

[Event "Anand tribute"]
[Site "SchemingMind.com"]
[Date "2008.12.01"]
[Round "-"]
[White "mi_di"]
[Black "Konan_Kaddosh"]
[Result "0-1"]
[WhiteCountry "MEX"]
[BlackCountry "ITA"]
[WhiteElo "2061"]
[WhiteRD "87"]
[BlackElo "2610"]
[BlackRD "68"]
[GameID "181347"]

1. e4 c5 2. c3 Nf6 3. e5 Nd5 4. Nf3 Nc6 5. d4 cxd4 6. cxd4 d6 7. Bc4 Nb6 8. Bb3 dxe5 9. d5 Na5 10. Nc3 Bg4
11. h3 Bxf3 12. Qxf3 g6 13. O-O Bg7 14. Bc2 O-O 15. Bg5 f6 16. Be3 f5 17. Bxb6 Qxb6 18. Na4 Qd6 19. Nc3 e4 20. Qe2 Rfc8
21. Qb5 Nc4 22. Bb3 a6 23. Qxc4 Rxc4
0-1

[Event "Anand tribute"]
[Site "SchemingMind.com"]
[Date "2008.12.03"]
[Round "-"]
[White "thebirdolux"]
[Black "Konan_Kaddosh"]
[Result "0-1"]
[WhiteCountry "USA"]
[BlackCountry "ITA"]
[WhiteElo "2308"]
[WhiteRD "67"]
[BlackElo "2611"]
[BlackRD "68"]
[GameID "181348"]

1. e4 c5 2. Nc3 Nc6 3. Nf3 Nf6 4. Bb5 Qc7 5. O-O Nd4 6. Ba4 Ng4 7. e5 Nxe5 8. Nxd4 cxd4 9. Nb5 Qb6 10. Qe2 f6
11. Qe4 e6 12. Nxd4 Be7 13. c3 O-O 14. Bc2 Ng6 15. a4 Qc7 16. Qe3 b6 17. Bxg6 hxg6 18. Qe4 g5 19. Qxa8 Bb7 20. Qxa7 Ra8
21. Qxa8+ Bxa8 22. d3 Qe5 23. f4 Qd5 24. Rf2 gxf4 25. Bxf4 e5 26. Nf5 Bd8 27. Bd2 Qxd3 28. Ne3 Bc6 29. b4 g6 30. Nd1 f5
31. Nb2 Qd5 32. Be1 Qb3 33. b5 Bb7
0-1

[Event "Anand tribute"]
[Site "SchemingMind.com"]
[Date "2008.12.06"]
[Round "-"]
[White "dcon"]
[Black "Konan_Kaddosh"]
[Result "1/2-1/2"]
[WhiteCountry "RSA"]
[BlackCountry "ITA"]
[WhiteElo "2360"]
[WhiteRD "65"]
[BlackElo "2602"]
[BlackRD "70"]
[GameID "181349"]

1. d4 Nf6 2. c4 e6 3. Bg5 h6 4. Bh4 c5 5. dxc5 Bxc5 6. e3 Nc6 7. Nc3 Bb4 8. Qb3 b6 9. Bd3 Bb7 10. Nf3 Be7
11. O-O O-O 12. Rad1 Rc8 13. a3 Na5 14. Qa2 d5 15. Bxf6 Bxf6 16. cxd5 exd5 17. Nd4 Bxd4 18. exd4 Re8 19. Be2 Nc4 20. h3 Bc6
21. Rfe1 Qg5 22. Qb3 Re7 23. Bg4 f5 24. Be2 Rce8 25. Qc2 Nd6 26. Rf1 Bb7 27. Rc1 f4 28. Bg4 h5 29. Bf3 Nf5 30. Qd3 Nh4
31. Kh1 g6 32. b4 Kg7 33. Rg1 Kh6 34. a4 Rc8 35. Rce1 Qf5 36. Qxf5 Nxf5 37. Rxe7 Nxe7 38. Re1 Nf5 39. Bxd5=
1/2-1/2

[Event "Anand tribute"]
[Site "SchemingMind.com"]
[Date "2008.12.01"]
[Round "-"]
[White "lupa7"]
[Black "Konan_Kaddosh"]
[Result "0-1"]
[WhiteCountry "POL"]
[BlackCountry "ITA"]
[WhiteElo "2405"]
[WhiteRD "78"]
[BlackElo "2611"]
[BlackRD "68"]
[GameID "181350"]

1. e4 c5 2. Nf3 Nc6 3. Bb5 g6 4. Nc3 Bg7 5. O-O d6 6. d3 Bd7 7. Re1 Nf6 8. h3 O-O 9. Be3 a6 10. Bxc6 Bxc6
11. Qd2 b5 12. a3 Re8 13. Bh6 e5 14. Qe3 Nh5 15. Bxg7 Nxg7 16. Nd5 a5 17. c4 bxc4 18. dxc4 a4 19. Qh6 f6 20. Re3 Rb8
21. Rb1 Bxd5 22. cxd5 Qa5 23. g4 Rb7 24. Ree1 Reb8 25. Qc1 Qd8 26. Kg2 f5 27. exf5 gxf5 28. Qh6 Qf8 29. Nd2 Ne8 30. Qxf8+ Kxf8
31. Nc4 fxg4 32. hxg4 Rg7 33. Ne3 Nf6 34. f3 Rg6 35. Rec1 h5 36. Rc4 Rb3 37. Rc3 Rb7 38. b4 hxg4 39. Rcc1 Rh7 40. Rf1 gxf3+
41. Kxf3 Rh2 42. bxc5 Rgh6 43. Rb8+ Kf7 44. Rb7+ Ke8 45. Rf2 R6h3+ 46. Ke2 Rxf2+ 47. Kxf2 Ne4+ 48. Ke2 Nxc5 49. Rg7 Ne4 50. Rg3 Nxg3+
0-1

[Event "Anand tribute"]
[Site "SchemingMind.com"]
[Date "2008.12.05"]
[Round "-"]
[White "Sixmax"]
[Black "Konan_Kaddosh"]
[Result "0-1"]
[WhiteCountry "DEN"]
[BlackCountry "ITA"]
[WhiteElo "2071"]
[WhiteRD "62"]
[BlackElo "2611"]
[BlackRD "68"]
[GameID "181351"]

1. e4 c5 2. Nf3 Nc6 3. c3 Nf6 4. e5 Nd5 5. Na3 g6 6. Qb3 Nb6 7. d4 cxd4 8. cxd4 Bg7 9. Bf4 d6 10. Rd1 O-O
11. Be2 Be6 12. d5 Nxd5 13. Rxd5 Bxd5 14. Qxd5 dxe5 15. Qxd8 Rfxd8 16. Be3 e4 17. Ng5 Bxb2 18. Nc4 Bc3+
0-1

[Event "Anand tribute"]
[Site "SchemingMind.com"]
[Date "2008.12.01"]
[Round "-"]
[White "dlamadzi"]
[Black "Konan_Kaddosh"]
[Result "0-1"]
[WhiteCountry "POL"]
[BlackCountry "ITA"]
[WhiteElo "1950"]
[WhiteRD "76"]
[BlackElo "2611"]
[BlackRD "68"]
[GameID "181352"]

1. e4 c5 2. Nf3 Nc6 3. Bb5 g6 4. Bxc6 bxc6 5. d3 Rb8 6. Nc3 Bg7 7. O-O Nh6 8. Na4 d6 9. Rb1 O-O 10. c4 f5
11. Bg5 fxe4 12. dxe4 Be6 13. b3 Bg4 14. Qd2 Nf7 15. Bf4 Bxf3 16. gxf3 Ne5
0-1

[Event "Anand tribute"]
[Site "SchemingMind.com"]
[Date "2008.12.02"]
[Round "-"]
[White "HanadaNo3"]
[Black "Konan_Kaddosh"]
[Result "1/2-1/2"]
[WhiteCountry "USA"]
[BlackCountry "ITA"]
[WhiteElo "2435"]
[WhiteRD "76"]
[BlackElo "2610"]
[BlackRD "68"]
[GameID "181413"]

1. e4 c5 2. Nf3 Nc6 3. d4 cxd4 4. Nxd4 e5 5. Nb5 d6 6. c4 Be7 7. N1c3 a6 8. Na3 Be6 9. Nc2 Bg5 10. Bxg5 Qxg5
11. h4 Qh6 12. Nd5 Rc8 13. g3 Nf6 14. Bg2 O-O 15. O-O Qg6 16. Rc1 h6 17. Qd3 Rfe8 18. b4 b5 19. Nxf6+ Qxf6 20. cxb5 axb5
21. Qxb5 Bxa2 22. Ne3 Nd4 23. Rxc8 Rxc8 24. Qa6 Be6 25. Qxd6 Rc6 26. Qb8+ Kh7 27. b5 Rc8 28. Qb7 Rc5 29. Nd5 Nf3+ 30. Kh1 Bxd5
31. exd5 Rc4 32. Bxf3 Qxf3+ 33. Kg1 Rxh4=
1/2-1/2

[Event "Anand tribute"]
[Site "SchemingMind.com"]
[Date "2008.12.02"]
[Round "-"]
[White "HanadaNo3"]
[Black "jankep"]
[Result "1-0"]
[WhiteCountry "USA"]
[BlackCountry "POL"]
[WhiteElo "2452"]
[WhiteRD "74"]
[BlackElo "2016"]
[BlackRD "79"]
[GameID "181414"]

1. e4 e6 2. Qe2 c5 3. f4 Nc6 4. Nf3 Nge7 5. b3 d5 6. Bb2 Qc7 7. exd5 exd5 8. Nc3 Be6 9. Ng5 O-O-O 10. Nxe6 fxe6
11. Qxe6+ Qd7 12. Qxd7+ Rxd7 13. g3 Kb8 14. O-O-O a6 15. Na4 Nf5 16. Bh3 Rf7 17. Rde1 Bd6 18. Bxf5 Rxf5 19. Re6 Kc7 20. Bxg7 Rg8
21. Rf6 Rxf6 22. Bxf6
1-0

[Event "Anand tribute"]
[Site "SchemingMind.com"]
[Date "2008.12.02"]
[Round "-"]
[White "HanadaNo3"]
[Black "mi_di"]
[Result "1-0"]
[WhiteCountry "USA"]
[BlackCountry "MEX"]
[WhiteElo "2435"]
[WhiteRD "76"]
[BlackElo "2061"]
[BlackRD "87"]
[GameID "181415"]

1. e4 e5 2. Nf3 Nf6 3. d4 Nxe4 4. Bd3 d5 5. Nxe5 Bd6 6. Nd2 Bxe5 7. dxe5 Nc5 8. Nf3 Bg4 9. h3 Nxd3+ 10. Qxd3 Bxf3
11. Qxf3 O-O 12. Qg3 Re8 13. O-O c5 14. Bg5 Qb6 15. Rad1 d4 16. Bf6 g6 17. b4 cxb4 18. Qf4 Nd7 19. Rxd4 Nxf6 20. exf6 Rad8
21. Rxb4 Qc6 22. Rxb7 Rd6 23. Re7 Rc8 24. Rxa7 Rxf6 25. Qd4 Rd6 26. Qb4 Qc5 27. Qxc5 Rxc5 28. Rc1 Rdc6 29. a4 Rxc2 30. Rxc2 Rxc2
31. a5 h5 32. a6 Ra2 33. Ra8+ Kg7= 34. h4 Kf6 35. g3 Kf5 36. f3 Kf6 37. a7 Ke7 38. g4
1-0

[Event "Anand tribute"]
[Site "SchemingMind.com"]
[Date "2008.12.03"]
[Round "-"]
[White "HanadaNo3"]
[Black "thebirdolux"]
[Result "1/2-1/2"]
[WhiteCountry "USA"]
[BlackCountry "USA"]
[WhiteElo "2452"]
[WhiteRD "74"]
[BlackElo "2308"]
[BlackRD "67"]
[GameID "181416"]

1. e4 e5 2. Nf3 Nc6 3. Bb5 a6 4. Ba4 Nf6 5. O-O Be7 6. Re1 b5 7. Bb3 d6 8. c3 O-O 9. h3 Na5 10. Bc2 c5
11. d4 Qc7 12. Nbd2 cxd4 13. cxd4 Bb7 14. Nf1 Rac8 15. Re2 Nh5 16. a4 b4 17. Bd3 Nf4 18. Bxf4 exf4 19. N1d2 Qb6 20. b3 Rc3
21. Nc4 Nxc4 22. Bxc4 Bf6 23. Qd2 a5 24. Qxf4 Bxd4 25. Nxd4 Qxd4 26. Raa2 Bc6 27. Red2 Qe5 28. Qxe5 dxe5 29. f3 Rc8 30. Rdc2 Kf8
31. Rxc3 bxc3 32. Kf2 g5 33. Ke3 h5 34. Kd3 Ke7 35. Rc2 Rb8 36. Rxc3 f6 37. Kc2 Kd6 38. Rd3+ Ke7 39. Kc3 h4 40. Kc2 Rb4
41. Bd5=
1/2-1/2

[Event "Anand tribute"]
[Site "SchemingMind.com"]
[Date "2008.12.07"]
[Round "-"]
[White "HanadaNo3"]
[Black "dcon"]
[Result "1/2-1/2"]
[WhiteCountry "USA"]
[BlackCountry "RSA"]
[WhiteElo "2435"]
[WhiteRD "76"]
[BlackElo "2325"]
[BlackRD "68"]
[GameID "181417"]

1. e4 c5 2. Nf3 Nc6 3. d4 cxd4 4. Nxd4 e5 5. Nb5 d6 6. c4 Be7 7. N1c3 a6 8. Na3 f5 9. exf5 Bxf5 10. Bd3 Be6
11. O-O Nf6 12. Be3 O-O 13. Nd5 Rc8 14. f4 Kh8 15. Nc2 Bxd5 16. cxd5 Nxd5 17. Bxh7 Nxf4 18. Be4 d5 19. Rxf4 dxe4 20. Rxf8+ Qxf8
21. Qh5+ Kg8 22. Qg4 Rd8 23. Rf1=
1/2-1/2

[Event "Anand tribute"]
[Site "SchemingMind.com"]
[Date "2008.12.02"]
[Round "-"]
[White "HanadaNo3"]
[Black "lupa7"]
[Result "0-1"]
[WhiteCountry "USA"]
[BlackCountry "POL"]
[WhiteElo "2452"]
[WhiteRD "74"]
[BlackElo "2405"]
[BlackRD "78"]
[GameID "181418"]

1. e4 e5 2. Nf3 Nc6 3. Bb5 Nf6 4. O-O Nxe4 5. d4 Be7 6. Qe2 Nd6 7. Bxc6 bxc6 8. dxe5 Nf5 9. Qe4 g6 10. g4 Ng7
11. Bh6 O-O 12. Nbd2 Rb8 13. b3 f5 14. exf6 Bxf6 15. Rae1 d5 16. Qf4 Ne6 17. Qa4 Re8 18. Qxa7 Bd7 19. Qe3 g5 20. Kh1 Nf4
21. Qc5 Ne2 22. c4 Re6 23. a4 Be7 24. cxd5 cxd5 25. Qc2 Rb4 26. Qf5 Rxg4 27. Bxg5 Rxg5 28. Nxg5 Bxg5 29. Nf3 Bf6 30. Qxd5 Kh8
31. h4 Qe7 32. Qa8+ Kg7 33. Rg1+ Nxg1 34. Rxg1+ Kh6
0-1

[Event "Anand tribute"]
[Site "SchemingMind.com"]
[Date "2008.12.05"]
[Round "-"]
[White "HanadaNo3"]
[Black "Sixmax"]
[Result "1-0"]
[WhiteCountry "USA"]
[BlackCountry "DEN"]
[WhiteElo "2452"]
[WhiteRD "74"]
[BlackElo "2071"]
[BlackRD "62"]
[GameID "181419"]

1. e4 e5 2. Nf3 Nf6 3. Nxe5 d6 4. Nf3 Nxe4 5. Nc3 Nxc3 6. dxc3 Be7 7. Be3 Nc6 8. Qd2 O-O 9. O-O-O Be6 10. Kb1 Ne5
11. Nd4 Nc4 12. Qe2 Nxe3= 13. Nxe6 fxe6 14. Qxe3 Rf6 15. g3 c6 16. Bh3 e5 17. f4 exf4 18. gxf4 Qf8 19. Rhe1 Bd8 20. Be6+ Kh8
21. f5 Bb6 22. Qd3
1-0

[Event "Anand tribute"]
[Site "SchemingMind.com"]
[Date "2008.12.02"]
[Round "-"]
[White "HanadaNo3"]
[Black "dlamadzi"]
[Result "1-0"]
[WhiteCountry "USA"]
[BlackCountry "POL"]
[WhiteElo "2452"]
[WhiteRD "74"]
[BlackElo "1950"]
[BlackRD "76"]
[GameID "181420"]

1. e4 c5 2. Nf3 Nf6 3. e5 Nd5 4. Nc3 Nxc3 5. dxc3 Nc6 6. Bc4 e6 7. Bf4 h6 8. Qe2 Qc7 9. O-O b6 10. Rad1 Bb7
11. h3 O-O-O 12. Bg3 Na5 13. Bb5 d5 14. exd6 Bxd6 15. Ne5 f6 16. Ng6 Bxg3 17. fxg3 Rxd1 18. Rxd1 Rd8 19. Rxd8+ Qxd8 20. Qxe6+ Kb8
21. Ne7 c4 22. Nf5 a6 23. Qe8 Kc7 24. Nxg7 Qxe8 25. Bxe8
1-0

[Event "Anand tribute"]
[Site "SchemingMind.com"]
[Date "2008.12.02"]
[Round "-"]
[White "Konan_Kaddosh"]
[Black "HanadaNo3"]
[Result "1-0"]
[WhiteCountry "ITA"]
[BlackCountry "USA"]
[WhiteElo "2618"]
[WhiteRD "66"]
[BlackElo "2437"]
[BlackRD "83"]
[GameID "181421"]

1. d4 d5 2. c4 c6 3. Nf3 e6 4. Qc2 Nf6 5. Bg5 dxc4 6. Qxc4 Nbd7 7. Nc3 h6 8. Bh4 Qc7 9. e3 Bd6 10. Qd3 O-O
11. Be2 b5 12. O-O Bb7 13. Rfd1 Rac8 14. e4 b4 15. Na4 c5 16. e5 c4 17. Qe3 Nd5 18. exd6 Qa5 19. Qd2 c3 20. Nxc3 bxc3
21. bxc3 Nxc3 22. Be7 Rfe8 23. Re1 Nxe2+ 24. Qxe2 Bxf3 25. Qxf3 Rc4 26. Reb1 Nb6 27. Qg3 Nd7 28. Rb7 Qxa2 29. Rf1 Qa4 30. h3 Rec8
31. Rfb1 Rc3 32. Qg4 Rc1+ 33. Rxc1 Rxc1+ 34. Kh2 Rc4 35. Qg3 a5 36. Qe3 Rb4 37. Ra7 Rb8 38. Qf3 Qb5 39. Qa3 a4 40. Rxa4 f6
41. Ra7 Rb7 42. Ra8+ Rb8 43. Ra5 Qb6 44. Qa4 Rb7 45. Ra6 Qb1 46. Qc6 Kh7 47. Ra3 e5 48. dxe5 Nxe5 49. Qd5 h5 50. Bxf6 gxf6
51. f4 Qb5 52. Qxb5 Rxb5 53. fxe5 Rd5 54. Ra5 Rd3 55. Ra7+ Kg6 56. Ra3 Rd1 57. e6 Rxd6 58. Re3 Rd8 59. Kg3 Kf5 60. h4 Re8
61. e7 Kg6 62. Kf4 Kh6 63. g4 hxg4 64. Kxg4 Kg6 65. h5+ Kf7 66. h6 Rg8+ 67. Kf4
1-0

[Event "Anand tribute"]
[Site "SchemingMind.com"]
[Date "2008.12.02"]
[Round "-"]
[White "jankep"]
[Black "HanadaNo3"]
[Result "0-1"]
[WhiteCountry "POL"]
[BlackCountry "USA"]
[WhiteElo "2016"]
[WhiteRD "79"]
[BlackElo "2452"]
[BlackRD "74"]
[GameID "181422"]

1. d4 Nf6 2. c4 c5 3. d5 b5 4. cxb5 a6 5. bxa6 g6 6. Nc3 Bxa6 7. Nf3 Bg7 8. g3 d6 9. Bg2 Nbd7 10. O-O Nb6
11. Nh4 O-O 12. Re1 Qc7 13. e4 Nc4 14. f4 Rfb8 15. Qc2 Qa5 16. Nf3 Nd7 17. Bh3 Nxb2 18. e5 Nd3 19. Bxd7 Nxe1
0-1

[Event "Anand tribute"]
[Site "SchemingMind.com"]
[Date "2008.12.02"]
[Round "-"]
[White "mi_di"]
[Black "HanadaNo3"]
[Result "0-1"]
[WhiteCountry "MEX"]
[BlackCountry "USA"]
[WhiteElo "2163"]
[WhiteRD "75"]
[BlackElo "2452"]
[BlackRD "74"]
[GameID "181423"]

1. e4 e5 2. Nf3 Nc6 3. Bb5 a6 4. Ba4 Nf6 5. d3 b5 6. Bb3 Bc5 7. Nc3 O-O 8. Nd5 h6 9. O-O d6 10. c3 Rb8
11. Re1 Nxd5 12. exd5 Ne7 13. d4 exd4 14. Nxd4 Bb7 15. Qg4 Ng6 16. Bc2 Qf6 17. Qe4 Bxd4 18. cxd4 Kh7 19. Qf5 Qxd4 20. Rd1 Qe5
21. Qxe5 dxe5 22. Be3 Rfd8 23. Be4 Kg8 24. Rac1 Rd7 25. Rc2 Ne7 26. Rdc1 Nxd5 27. Bxd5 Bxd5 28. Rxc7 Rxc7 29. Rxc7 Bxa2 30. b4 Rd8
31. h4 Rd1+ 32. Kh2 Bc4 33. Ra7 Ra1 34. Bc5 Ra2 35. Kg3 Ra3+ 36. Kh2 h5 37. Re7 Be6 38. f3 Kh7 39. Bd6 e4 40. fxe4 Re3
41. e5 Re4 42. Kg3 Rg4+ 43. Kf2 Rxh4 44. Ra7 Rf4+ 45. Kg3 Rg4+
0-1